000 00637nam a2200217Ia 4500
003 GCL
008 140319s9999 xx 000 0 ara d
040 _aGCL /
_cGCL
082 0 4 _aد
_b050
100 1 _aاحمد مستجير
245 1 0 _aطبيعة الحياة ( عالم المعرفة 125 ) /
_cاحمد مستجير
700 1 _aعبدالحافظ حلمى محمد
700 1 _aكريك, فرانسيس
300 _a216 ص
490 _aعالم المعرفة
_v0
650 0 4 _aالوراثة
650 0 4 _aالحياة
650 0 4 _aالبروتوبلازم
650 0 4 _aالاحياء، علم
942 _2ddc
_cBK
999 _c50256
_d50256